• 首页
  • 本馆介绍
  • 公告通知
  • 最新文献
  • 馆藏检索
  • 电子资源
  • 读者导购
  • 参考咨询
  • 我的图书馆
  • 登录
  • 详细信息显示
  • 放入我的书架
  • 预约/预借图书
  • 作者相关作品
  • 分类相关作品
  • 丛书相关作品
  • 出版社相关作品

书目信息

  • 表格格式
  • 工作单格式
  • 卡片格式
题名:
中小学英语教学简笔画
    
 
作者: 席兴发 编著
分册:  
出版信息: 北京   外语教学与研究出版社  2004
页数: 166页
开本: 21cm
丛书名: 外研社基础外语教学与研究丛书
单 册:
中图分类: G633.413
科图分类:
主题词: 英语课 , 中小学 , 英语课--中小学--教学参考资料
电子资源:
ISBN: 978-7-5600-4141-4
000 00982nam0 2200289 450
000 00973nam0 2200289 450
000 00902nam0 2200265 450
000 00866nam0 2200253 45
005 20070802155453.98
010    @a978-7-5600-4141-4@dCNY6.90
100    @a20070730d2004 em y0chiy0120 ea
101 0  @achi
102    @aCN@b110000
105    @ay z 000yy
200 1  @a中小学英语教学简笔画@AZhong Xiao Xue Ying Yu Jiao Xue Jian Bi Hua@f席兴发编著@FXi Xing Fa Bian Zhu
210    @a北京@c外语教学与研究出版社@d2004
215    @a166页@c图@d21cm
225 2  @a外研社基础外语教学与研究丛书
330    @a本书分为四部分:第一部分“人物”第二部分“动物”第三部分“生活用品”和第四步部分“交通工具及其他”;
410  0 @12001 @a外研社基础外语教学与研究丛书
606 0  @a英语课
606 0  @a中小学
606 0  @a英语课@x中小学@j教学参考资料
690    @aG633.413@v4
701  0 @a席兴发@AXi Xing Fa@4编著
801  0 @aCN@bTAOJIN@c20070802
905    @a10447@dG633.413@e1025
    
    中小学英语教学简笔画/席兴发编著.-北京:外语教学与研究出版社,2004
    166页:图;21cm.-(外研社基础外语教学与研究丛书)
    
    
    ISBN 978-7-5600-4141-4:CNY6.90
    本书分为四部分:第一部分“人物”第二部分“动物”第三部分“生活用品”和第四步部分“交通工具及其他”;
●
相关链接 在E读中查询图书 在五车中查询图书 在当当中查询图书 在豆瓣中查询图书


正题名:中小学英语教学简笔画     索取号:G633.413/1025         预约/预借

序号 登录号 条形码 馆藏地/架位号 状态 备注
1 0826598   208265982   第一样本阅览室/ [索取号:G633.413/1025] 在馆    
2 0826599   208265991   第四借阅区/ [索取号:G633.413/1025] 在馆    
3 0826600   208266008   第四借阅区/ [索取号:G633.413/1025] 在馆    
4 0826601   208266017   第四借阅区/ [索取号:G633.413/1025] 在馆    
5 0826602   208266026   第四借阅区/ [索取号:G633.413/1025] 在馆    
唐山师范学院图书馆 欢迎您!
大连网信软件有限公司© 版权所有